000 004670000a22001930004500
001 001710
003 MACL
005 20150916130940.0
008 150916b xxu||||| |||| 00| 0 eng d
040 _aMACL
_cMACL
041 _aEnglish
082 _a823/SLE
100 _aNagarkar, Kiran
_910991
245 _aSeven Sixes Are Forty Three
_cKiran Nagarkar
260 _aNew Delhi
_c2004
_bKatha,
350 _a200
650 _aFiction
_911584
942 _k823
_cBK
_2ddc
999 _c13628
_d13628